01391nam a2200385 a 4500001001200000003000800012006001900020007001500039008004100054010001700095020002600112020002500138020001800163020002700181040002100208035002100229050002400250082001600274245015400290260003500444300001900479500002000498533015200518650001500670650001200685650002900697650002100726655002900747700002200776700002100798700002400819710001700843856012600860999001900986ebr10438389CaPaEBRm u cr cn|||||||||100622s2011 njua s 001 0 eng d z 2010023309 z9781444332605 (cloth) z9781444332612 (pbk.) z9781444328509 z9781444328516 (e-book) aCaPaEBRcCaPaEBR a(OCoLC)69948762214aQE461b.T526 2011eb04a551.1/322200aTimescales of magmatic processesh[electronic resource] :bfrom core to atmosphere /cedited by Anthony Dosseto, Simon P. Turner, James A. Van Orman. aHoboken, N.J. :bWiley,c2011. a264 p. :bill. aIncludes index. aElectronic reproduction.bPalo Alto, Calif. :cebrary,d2011.nAvailable via World Wide Web.nAccess may be limited to ebrary affiliated libraries. 0aMagmatism. 0aMagmas. 0aVolcanic ash, tuff, etc. 0aGeological time. 7aElectronic books.2local1 aDosseto, Anthony.1 aTurner, Simon P.1 aVan Orman, James A.2 aebrary, Inc.40uhttp://site.ebrary.com/lib/rucke/Doc?id=10438389zAn electronic book accessible through the World Wide Web; click to view c133287d133287